Normal view MARC view

Entry Personal Name

Number of records used in: 1

001 - CONTROL NUMBER

  • control field: 40878

003 - CONTROL NUMBER IDENTIFIER

  • control field: dpl

005 - DATE AND TIME OF LATEST TRANSACTION

  • control field: 20120206120856.0

008 - FIXED-LENGTH DATA ELEMENTS

  • fixed length control field: 120206|||a|||||| | ||| d

040 ## - CATALOGING SOURCE

  • Original cataloging agency: dpl
  • Transcribing agency: dpl

100 ## - HEADING--PERSONAL NAME

  • Personal name: मिश्रा, महेन्द्र कुमार

670 ## - SOURCE DATA FOUND

  • Source citation: Work cat.: (dpl)62002: मिश्रा, महेन्द्र कुमार, सामुद्रिक अंग लक्षण विज्ञान /, 2005

670 ## - SOURCE DATA FOUND

  • Source citation: Work cat.: (dpl)62002: मिश्रा, महेन्द्र कुमार, सामुद्रिक अंग लक्षण विज्ञान /, 2005

© Delhi Public Library
Hit Counter
free hit counter